Sanat - "Puistossa" -Anssi Kela - Statistics

Yleistilastot
  • Tätä visaa on pelattu 460 kertaa
  • Keskiarvotulos 136 / 229
Vastaustilastot
Vastaus % Oikein
Puistossa
97%
puistossa
97%
ilta
91%
viilenee
90%
Pete
89%
ei
87%
ei
87%
ja
87%
lämpimikseen
87%
hyppelee
84%
maailma
81%
Maailma
81%
radallaan
77%
viimeisen
76%
mut
75%
oli
75%
röökin
75%
he
74%
He
74%
nyt
73%
Sen
72%
sen
72%
sytyttää
72%
en
71%
mikään
71%
mutsi
71%
kaikki
70%
kaikki
70%
matkaa
70%
sai
70%
milloinkaan
69%
Laura
69%
milloinkaan
69%
oo
69%
jo
68%
muutu
68%
pitää
68%
katsoo
67%
koukussa
67%
nousee
67%
on
66%
päivä
66%
aikanaan
65%
kaunis
65%
Kaunis
65%
koulussa
65%
kelloaan
64%
kiinni
64%
Ruusunen
64%
uudestaan
64%
Petri
63%
pidä
63%
priimus
63%
kuolee
62%
luokan
62%
ennallaan
61%
kauppaopiston
61%
valot
61%
faijaansa
60%
legendaa
60%
ovat
60%
säilyy
60%
samat
60%
siniset
60%
katoaa
59%
korujaan
59%
nähdään
59%
vielä
59%
vielä
59%
hetken
58%
käytyään
58%
kun
58%
kuudentoista
58%
massit
58%
nähnytkään
58%
nainen
58%
ne
58%
nuori
58%
puhaltaa
58%
saa
58%
sano
58%
tiedossa
58%
tuulet
58%
välähtää
57%
koniin
56%
missä
56%
pysähtymään
56%
sateet
56%
jaksa
55%
välittää
55%
firma
54%
kiroillen
54%
menetettävää
54%
mitään
54%
rahaa
54%
selviä
54%
helpot
53%
nostaa
53%
olis
53%
vaatien
53%
auttaa
51%
konkurssiin
51%
muistuttaa
51%
omillaan
51%
sanoo
51%
vanhemmilla
51%
viestin
51%
luulivat
50%
pärjätä
50%
selvinneensä
50%
tytärtään
50%
haluu
49%
jos
49%
täällä
49%
eikä
48%
firman
48%
frendiltään
48%
huolen
48%
itsestään
48%
laskuistaan
48%
maailmaan
48%
miettii
48%
riittäis
48%
tervetuloa
48%
eilen
47%
kaulukset
47%
lainan
47%
lankeaa
47%
näkee
47%
oman
47%
perustaa
47%
ison
46%
mielessään
46%
päätti
46%
pankista
46%
peileistänsä
46%
puhumattakaan
46%
pystyyn
46%
sauhut
46%
viimeiset
46%
lainasta
45%
ajettiin
44%
auta
44%
huutaen
44%
joutui
44%
kerran
44%
mutta
44%
mukaan
43%
vaikeuksiin
43%
lööpit
42%
huvilan
41%
luoja
41%
pihaan
41%
sanaakaan
41%
tuut
41%
haki
40%
kuinka
40%
Peteä
40%
aamulla
39%
ajavat
39%
kääntää
39%
kahvaa
39%
kumpikaan
39%
hehkuttaa
38%
kiskoo
37%
puiston
37%
pysäyttää
37%
ojentaa
36%
avaimensa
35%
prätkällään
35%
rukoillen
35%
taakse
35%
laitaan
34%
saapuu
33%
istumaan
32%
yönsä
30%
valvoo
26%
Ehtoja vastaavia visoja ei löytynyt
Tulosjakauma
Jokaisen tuloksen saaneiden osuus
Persentiili vastausten määrän mukaan
Tuloshistoriasi
Et ole pelannut tätä visaa